Subhanay Fasaney (Record no. 5173)
[ view plain ]
| 000 -LEADER | |
|---|---|
| fixed length control field | 00419 a2200157 4500 |
| 020 ## - INTERNATIONAL STANDARD BOOK NUMBER | |
| International Standard Book Number | 9693507894 |
| 040 ## - CATALOGING SOURCE | |
| Original cataloging agency | DLC |
| Language of cataloging | DLC |
| 082 ## - DEWEY DECIMAL CLASSIFICATION NUMBER | |
| Classification number | 891.4393 |
| 100 ## - MAIN ENTRY--PERSONAL NAME | |
| Personal name | Ishfaq Ahmad |
| 245 ## - TITLE STATEMENT | |
| Title | Subhanay Fasaney |
| Statement of responsibility, etc. | Ishfaq Ahmad |
| 260 ## - PUBLICATION, DISTRIBUTION, ETC. | |
| Place of publication, distribution, etc. | Lahore: |
| Name of publisher, distributor, etc. | Sang-e-meel Publications, |
| Date of publication, distribution, etc. | 2006. |
| 300 ## - PHYSICAL DESCRIPTION | |
| Extent | 279 p. |
| Dimensions | ; 20 cm. |
| 500 ## - GENERAL NOTE | |
| General note | Includes Index |
| 650 ## - SUBJECT ADDED ENTRY--TOPICAL TERM | |
| Topical term or geographic name entry element | Urdu Literature-- Short stories. |
| 942 ## - ADDED ENTRY ELEMENTS (KOHA) | |
| Koha item type | Book |
| Call number prefix | 891.4393 ISH |
| Source of classification or shelving scheme | |
| Withdrawn status | Lost status | Damaged status | Not for loan | Collection code | Permanent Location | Current Location | Shelving location | Date acquired | Source of acquisition | Cost, normal purchase price | Total Checkouts | Full call number | Barcode | Checked out | Date last seen | Date last checked out | Price effective from | Koha item type |
|---|---|---|---|---|---|---|---|---|---|---|---|---|---|---|---|---|---|---|
| Central Library (CL) | Central Library (CL) | Fiction | 03/24/2007 | Saeed Book Bank | 220.00 | 2 | 891.4393 ISH | SEECS008238 | 04/01/2019 | 10/03/2018 | 10/03/2018 | 01/05/2017 | Book |
